LEADER 01400nam0-2200433---450- 001 990001761590203316 005 20051109113009.0 010 $a88-14-09926-X 035 $a000176159 035 $aUSA01000176159 035 $a(ALEPH)000176159USA01 035 $a000176159 100 $a20040616d2003----km-y0itay0103----ba 101 $aita 102 $aIT 105 $a||||||||001yy 200 1 $a<> conciliazione giudiziale$eil concordato ed altri istituti di definizione delle controversie fiscali$fGianluca Gambogi, Andrea Sarti 210 $aMilano$cGiuffrè$d2003 215 $aXII, 240 p.$d21 cm 225 $aTeoria e pratica del diritto$v21$hSez. 5$iDiritto tributario 410 o$12001$aTeoria e pratica del diritto$hSez. 5$iDiritto tributario$v21 454 1$12001 461 1$1001-------$12001 606 $aTributi$xAccertamento 676 $a343.45042 700 1$aGAMBOGI,$bGianluca$0269350 701 $aSARTI,$bAndrea$0269351 801 0$aIT$bsalbc$gISBD 912 $a990001761590203316 951 $aColl ZJ V 21$b40786 G.$cColl ZJ$d00133402 951 $aCOLL XXIII/e 21$b4217 DIRCE 959 $aBK 969 $aGIU 969 $aDIRCE 979 $aACQUISTI$b10$c20040616$lUSA01$h1404 979 $aVITALE$b90$c20040723$lUSA01$h1726 979 $aDIRCE$b90$c20051109$lUSA01$h1130 996 $aConciliazione giudiziale$9679412 997 $aUNISA LEADER 04139oam 2200721I 450 001 9910461604003321 005 20200520144314.0 010 $a1-283-45890-X 010 $a9786613458902 010 $a1-136-48523-6 010 $a0-203-13588-1 024 7 $a10.4324/9780203135884 035 $a(CKB)2670000000148671 035 $a(EBL)957237 035 $a(OCoLC)798532881 035 $a(SSID)ssj0000677066 035 $a(PQKBManifestationID)11399731 035 $a(PQKBTitleCode)TC0000677066 035 $a(PQKBWorkID)10693486 035 $a(PQKB)11386838 035 $a(MiAaPQ)EBC957237 035 $a(Au-PeEL)EBL957237 035 $a(CaPaEBR)ebr10535044 035 $a(CaONFJC)MIL345890 035 $a(OCoLC)1000442648 035 $a(EXLCZ)992670000000148671 100 $a20180706d2012 uy 0 101 0 $aeng 135 $aur|n|---||||| 181 $ctxt 182 $cc 183 $acr 200 00$aCommitment to work and job satisfaction $estudies of work orientations /$fedited by Bengt Furaker, Kristina Hakansson and Jan Ch. Karlsson 210 1$aNew York :$cRoutledge,$d2012. 215 $a1 online resource (251 p.) 225 1 $aRoutledge studies in management, organizations, and society ;$v16 300 $aDescription based upon print version of record. 311 $a1-138-20319-X 311 $a0-415-80825-1 320 $aIncludes bibliographical references and index. 327 $aFront Cover; Commitment to Work and Job Satisfaction; Copyright Page; Contents; List of Figures; List of Tables; 1. The Relevance of Studying Work Orientations: Bengt Fura?ker, Kristina Ha?kansson and Jan Ch. Karlsson; 2. Theoretical and Conceptual Considerations on Work Orientations: Bengt Fura?ker; 3. Declining Work Centrality in Western Europe: Myth or Reality?: Frans Hikspoors, To?mas Bjarnason and Kristina Ha?kansson; 4. Work Orientations in Western Europe and the United States: Tomas Berglund 327 $a5. Work Attitudes, Employment and Work Mobilization: A Comparison between Anglo-Saxon and Nordic Countries: Bengt Fura?ker6. Work Attitudes in Low-Status Occupations: More than Instrumentalism: Ylva Ulfsdotter Eriksson; 7. Administrative Service Work, Occupational Identity and Work Orientations: Much-discussed Problems and Underrated Strengths: Anette Karlsson; 8. The Development of Attitudes to Work in Sweden: Birgitta Eriksson, Jan Ch. Karlssonand Tuula Bergqvist; 9. Employee Satisfaction, Exchange Paradigms and Community versus Autonomy in Employment Relations: Dan Jonsson 327 $a10. Work Attitudes in a Crisis: To?mas Bjarnason11. Temporary Agency Workers and Organizational Commitment: Kristina Ha?kansson and Tommy Isidorsson; 12. Work Travel: Stimulating or Stressful?: Bengt Fura?ker; List of Contributors; Bibliography; Index 330 $aPeople's work orientations and attitudes to paid work are highly important for the welfare of any country. Still, little is currently known about how such attitudes are distributed among different countries, men and women, classes, occupations, age groups and so on. Even less is known about how work orientations have changed during the dramatic social transformations of economies and labour markets during recent decades. What happened, for example, to work orientations in Iceland when the country went bankrupt? The answer is quite surprising. Or, is it true that work is losing its position 410 0$aManagement, organizations and society (London, England) ;$vv. 16. 606 $aJob satisfaction 606 $aWork ethic 606 $aWork$xPsychological aspects 608 $aElectronic books. 615 0$aJob satisfaction. 615 0$aWork ethic. 615 0$aWork$xPsychological aspects. 676 $a658.31422 701 $aFuraker$b Bengt$f1943-$0961407 701 $aHakansson$b Kristina$0961408 701 $aKarlsson$b Jan$f1948-$0936893 801 0$bMiAaPQ 801 1$bMiAaPQ 801 2$bMiAaPQ 906 $aBOOK 912 $a9910461604003321 996 $aCommitment to work and job satisfaction$92179628 997 $aUNINA LEADER 02733oam 2200649 c 450 001 9910563025703321 005 20250513223434.0 024 7 $a10.3726/b12299 035 $a(CKB)4340000000239156 035 $a(oapen)https://directory.doabooks.org/handle/20.500.12854/26050 035 $a(PH02)9783954796106 035 $a(EXLCZ)994340000000239156 100 $a20240525d1984 uy 0 101 0 $ager 135 $aurnnunnnannuu 181 $ctxt$2rdacontent 182 $cc$2rdamedia 183 $acr$2rdacarrier 200 00$aFe?dor Sologub. 1884 - 1984$eTexte, Aufsätze, Bibliographie zum Gedenken an den hundertsten Jahrestag der Veröffentlichung des ersten Werkes von Fedor Kuz'mic? Teternikov (Sologub)$fBernhard Lauer, Ulrich Steltner 205 $a1st, New ed. 210 $aFrankfurt a.M$cPH02$d1984 215 $a1 online resource (165 p.)$c, EPDF 225 0 $aSpecimina philologiae Slavicae$v6s 300 $aPeter Lang GmbH, Internationaler Verlag der Wissenschaften 311 08$a3-95479-610-4 330 $aIn der russischen Literatur der Jahrhundertwende nimmt das Schaffen von Fedor Sologub, d. i. eigentlich Fedor Kuz'mic? Teternikov, einen besonderen Platz ein. Sologub hat zwar die literarische Bewegung des Symbolismus in Rußland entscheidend gepra?gt, er ist aber kaum in eine der verschiedenen Gruppen und Richtungen einzuordnen. Er ist wohl der vielseitigste unter den Schriftstellern der russischen Moderne... Das ist der Anlaß, mit Texten, Aufsa?tzen und einer Bibliographie des hundertsten Jahrestages der ersten Vero?ffentlichung eines Werkes von Fedor (...) Sologub zu gedenken. Wiederabgedruckt und kommentiert werden drei Texte aus den Bereichen Lyrik, Prosa und Drama, die zum einen wenig bekannt und zum anderen schwer zuga?nglich sind. 517 $aFëdor Sologub. 1884 - 1984 606 $aLiterature & literary studies$2bicssc 610 $a1884 610 $a1984 610 $aAufsätze 610 $aBibliographie 610 $aersten 610 $aFëdor 610 $aGedenken 610 $ahundertsten 610 $aJahrestag 610 $aLauer 610 $arussische Moderne 610 $aRussland 610 $aSlavische Sprachwissenschaft 610 $aSologub 610 $aSymbolismus 610 $aTeternikov 610 $aTexte 610 $aVeröffentlichung 610 $aWerkes 615 7$aLiterature & literary studies 700 $aLauer$b Bernhard$4edt$01325308 702 $aLauer$b Bernhard$4edt 702 $aSteltner$b Ulrich$4edt 801 0$bPH02 801 1$bPH02 906 $aBOOK 912 $a9910563025703321 996 $aFëdor Sologub. 1884 - 1984$93036727 997 $aUNINA LEADER 01194nas 2200361 c 450 001 9910892584003321 005 20260324110053.0 035 $a(CKB)5670000000374939 035 $a(DE-599)3169410-X 035 $a(EXLCZ)995670000000374939 100 $a20220816c19769999 |u| | 101 0 $ager 135 $aur||||||||||| 181 $ctxt$2rdacontent 182 $cc$2rdamedia 183 $acr$2rdacarrier 200 00$aClio$edie Zeitschrift für Frauengesundheit$fHrsg: Feministisches Frauen Gesundheits Zentrum e.V. Berlin 210 1$aBerlin$cFeministisches Frauen Gesundheits Zentrum e.V. Berlin 215 $aOnline-Ressource 311 08$aErscheint auch als Druck-Ausgabe Clio die Zeitschrift für Frauengesundheit 0933-0747 606 $aGesundheit$2gnd$3(DE-588)4020754-7 606 $aGeschlecht$2gnd$3(DE-588)4020547-2 606 $aFrau$2gnd$3(DE-588)4018202-2 608 $aZeitschrift$2gnd-content 615 7$aGesundheit. 615 7$aGeschlecht. 615 7$aFrau. 712 02$aFeministisches Frauen-Gesundheits-Zentrum$4isb 801 2$bCH-ZuSLS RZH UZAG 906 $aJOURNAL 912 $a9910892584003321 996 $aClio$9200137 997 $aUNINA